| 000 | 01060aam a2200289 a 4500 | ||
|---|---|---|---|
| 008 | |||
| 020 | _a1779050437 (pbk.) | ||
| 049 | _aMAIN | ||
| 090 |
_aHD30.42.A356 _bPOL |
||
| 245 | 0 | 4 |
_aThe political economy of information on development, democracy, and security in Southern Africa / _cedited by Maurice Chimfwembe Lundu. |
| 246 | 1 | 8 | _aPolitical economy of information. |
| 260 |
_aHarare : _bSAPES Books, _c1996. |
||
| 300 |
_axvii, 179 p. : _bill. ; _c21 cm. |
||
| 440 | 0 | _aState and democracy series. | |
| 500 | _aIncludes index. | ||
| 504 | _aIncludes bibliographical references. | ||
| 650 | 0 |
_aEconomic development _xResearch _zAfrica, Southern. |
|
| 650 | 0 |
_aInformation services _zAfrica, Southern. |
|
| 650 | 0 |
_aDemocracy _zAfrica, Southern. |
|
| 700 | 1 | _aLundu, Maurice Chimfwembe. | |
| 710 | 2 | _aSouthern Africa Regional Institute for Policy Studies. | |
| 907 |
_a.b10172002 _b28-10-10 _c18-08-05 |
||
| 003 | |||
| 005 | 20260128145210.0 | ||
| 040 | _cNUST | ||
| 942 |
_cBOOKS _kHD30.42.A356 _mPOL _01 |
||
| 999 |
_c159455 _d159455 |
||